Eastern Utah Libraries Catalog: Duchesne, Heber, Roosevelt, & Vernal

The Home edit life : (Record no. 353475)

MARC details
000 -LEADER
fixed length control field 01674pam a2200361 i 4500
001 - CONTROL NUMBER
control field BK0026344127
003 - CONTROL NUMBER IDENTIFIER
control field DLC
005 - DATE AND TIME OF LATEST TRANSACTION
control field 20200915153443.0
008 - FIXED-LENGTH DATA ELEMENTS--GENERAL INFORMATION
fixed length control field 200204s2020 nyua 001 0 eng
010 ## - LIBRARY OF CONGRESS CONTROL NUMBER
LC control number 2019056167
020 ## - INTERNATIONAL STANDARD BOOK NUMBER
International Standard Book Number 9780593138304 : HRD
Terms of availability 28.50
020 ## - INTERNATIONAL STANDARD BOOK NUMBER
International Standard Book Number 0593138309 : HRD
Terms of availability 28.50
Qualifying information (hardcover)
Cancelled/invalid ISBN 9780593138311
Qualifying information (ebook)
037 ## - SOURCE OF ACQUISITION
Source of stock number/acquisition Random House Inc, Attn Order Entry 400 Hahn rd, Westminster, MD, USA, 21157
Note SAN 201-3975
040 ## - CATALOGING SOURCE
Original cataloging agency DLC
Language of cataloging eng
Description conventions rda
Transcribing agency DLC
Modifying agency NjBwBT
-- GCmBT
050 00 - LIBRARY OF CONGRESS CALL NUMBER
Classification number TX309
Item number .S483 2020
082 00 - DEWEY DECIMAL CLASSIFICATION NUMBER
Classification number 648/.8
Edition number 23
092 ## - LOCALLY ASSIGNED DEWEY CALL NUMBER (OCLC)
Classification number 648.8000
100 1# - MAIN ENTRY--PERSONAL NAME
Personal name Shearer, Clea,
Dates associated with a name 1982-
Relator term author,
-- photographer.
9 (RLIN) 6373936
245 14 - TITLE STATEMENT
Title The Home edit life :
Remainder of title the no-guilt guide to owning what you want and organizing everything /
Statement of responsibility, etc Clea Shearer & Joanna Teplin ; photographs by Clea Shearer.
250 ## - EDITION STATEMENT
Edition statement First edition.
264 #1 - Production, Publication, Distribution, Manufacture, and Copyright Notice.
Place of production, publication, distribution, manufacture New York :
Name of producer, publisher, distributor, manufacturer Clarkson Potter/Publishers,
Date of production, publication, distribution, manufacture, or copyr [2020]
300 ## - PHYSICAL DESCRIPTION
Extent 255 pages :
Other physical details color illustrations ;
Dimensions 26 cm
336 ## - Content Type
Content type term text
337 ## - Media type
Media type term unmediated
338 ## - Carrier type
Carrier type term volume
500 ## - GENERAL NOTE
General note Includes index.
520 ## - SUMMARY, ETC.
Summary, etc "The New York Times bestselling authors of The Home Edit show you how to contain the chaos and organize every aspect of your life, including hobbies and activities, work and office spaces, luggage and travel, and so much more"--
-- Provided by publisher.
650 #0 - SUBJECT ADDED ENTRY--TOPICAL TERM
Topical term or geographic name as entry element Storage in the home.
9 (RLIN) 6374357
650 #0 - SUBJECT ADDED ENTRY--TOPICAL TERM
Topical term or geographic name as entry element Orderliness.
9 (RLIN) 6374358
700 1# - ADDED ENTRY--PERSONAL NAME
Personal name Teplin, Joanna,
Dates associated with a name 1979-
Relator term author.
9 (RLIN) 6373939
776 08 - ADDITIONAL PHYSICAL FORM ENTRY
Display text Online version:
776 08 - ADDITIONAL PHYSICAL FORM ENTRY
Main entry heading Shearer, Clea, 1982-
Title Home edit 360
Place, publisher, and date of publication New York : Clarkson Potter, 2020
International Standard Book Number 9780593138311
Record control number (DLC) 2019056168
Holdings
Withdrawn status Lost status Source of classification or shelving scheme Damaged status Not for loan Collection code Home library Current library Shelving location Date acquired Source of acquisition Total Checkouts Total Renewals Full call number Barcode Date last seen Date checked out Cost, replacement price Price effective from Koha item type
    Dewey Decimal Classification     General NonFiction Wasatch County Library Wasatch County Library Second Floor 11/10/2020 Baker & Taylor 13 11 648.8 She 34301001702523 05/14/2025 04/24/2025 28.50 11/10/2020 BOOK
This project was made possible through a grant from the Institute of Museum and Library Service administered by the Utah State Library Division.

Wasatch County Library

  • 465 East 1200 South, Heber City, Utah 84032
  • Phone 435-654-1511 | Fax 435-654-6456

Hours

  • Monday - Friday 9:30 AM - 8:00 PM
  • Saturday 9:30 AM - 1:30 PM
  • Closed Sundays and Holidays